00425cam a2200157ua 45000010005000000080039000050400009000440820013000531000033000662450054000992500009001532600038001623000017002006530019002176530031002362766110907n ii |||gr||||Z||||||asm cMAIN a891.45121 aBaruah, Satyaprasad,eAuhor.11aNatak aru abhinoy prasangacby Satyaprasad Baruah a2nd. aGuahati:bLawyers book stall,967. a320p:c23cm. aAssamese drama aNatak aru abhinoy prasanga